अनबीता व्यतीत / (Record no. 12987)

MARC details
000 -LEADER
fixed length control field 01354 a2200277 4500
005 - DATE AND TIME OF LATEST TRANSACTION
control field 2008111702162.0
008 - FIXED-LENGTH DATA ELEMENTS--GENERAL INFORMATION
fixed length control field 081117t xxu||||| |||| 00| 0 eng d
010 ## - LCCN (DPL NO)
LC control number B-307386
020 ## - INTERNATIONAL STANDARD BOOK NUMBER
Terms of availability 175.00
035 ## - SYSTEM CONTROL NUMBER
System control number B-307386
037 ## - SOURCE OF ACQUISITION
Source of stock number/acquisition वाणी प्रका.
040 ## - CATALOGING SOURCE
Original cataloging agency dpl
Language of cataloging hn
082 ## - DEWEY DECIMAL CLASSIFICATION NUMBER
Classification number
100 ## - MAIN ENTRY--PERSONAL NAME
Personal name कमलेश्वर
245 ## - TITLE STATEMENT
Title अनबीता व्यतीत /
Statement of responsibility, etc कमलेश्वर
260 ## - PUBLICATION, DISTRIBUTION, ETC. (IMPRINT)
Place of publication, distribution, etc इलाहाबाद
Name of publisher, distributor, etc लोकभारती
Date of publication, distribution, etc 2008
260 ## - PUBLICATION, DISTRIBUTION, ETC. (IMPRINT)
Place of publication, distribution, etc दिल्ली
Name of publisher, distributor, etc वाणी प्रकाशन (वितरक)
270 ## - ADDRESS
Address 15-ए, महात्मा गाँधी मार्ग
City इलाहाबाद
Postal code 1
270 ## - ADDRESS
Address 21-ए, दरियागंज
City दिल्ली
300 ## - PHYSICAL DESCRIPTION
Extent 147पृ
Dimensions 22 सेमी (सजिल्द)
650 ## - SUBJECT ADDED ENTRY--TOPICAL TERM
Topical term or geographic name as entry element हिन्दी उपन्यास
650 ## - SUBJECT ADDED ENTRY--TOPICAL TERM
Topical term or geographic name as entry element Hindi Novel
942 ## - ADDED ENTRY ELEMENTS (KOHA)
Call number prefix उ / कमले
Institution code [OBSOLETE] dpl
Item type Hindi Books
Source of classification or shelving scheme Dewey Decimal Classification
Classification part
Call number suffix कमले
Holdings
Withdrawn status Lost status Source of classification or shelving scheme Damaged status Not for loan Collection code Home library Current library Date acquired Source of acquisition Cost, normal purchase price Total Checkouts Full call number Barcode Date last seen Copy number Cost, replacement price Koha item type
    Dewey Decimal Classification     Fiction Central Library Central Library 17/11/2008 वाणी प्रकाशन/221/4.10.08/441/4.9.08/10.11.08 175.00   उ कमले B-307386 17/11/2008 1 175.00 Hindi Books

© Delhi Public Library
Hit Counter
free hit counter